Loading...
| Science - Chemistry | 0 | 6 | 1 | 1 | 55 | 54 | 106.17 | 0 | 4 | 0.00 | 0.00 |
| History - American | 0 | 5 | 1 | 0 | 45 | 70 | 87.80 | 0 | 4 | 0.00 | 0.00 |
| Other | 0 | 4 | 0 | 0 | 40 | 74 | 92.00 | 1 | 4 | 0.00 | 0.00 |
| History - European | 0 | 3 | 0 | 0 | 30 | 99 | 116.67 | 0 | 2 | 0.00 | 0.00 |
| Science - Biology | 0 | 4 | 2 | 1 | 30 | 94 | 114.00 | 0 | 3 | 0.00 | 0.00 |
| Science - Other | 0 | 3 | 1 | 0 | 25 | 64 | 82.67 | 1 | 2 | 0.00 | 0.00 |
| History - Other | 0 | 3 | 1 | 1 | 25 | 94 | 109.67 | 0 | 3 | 0.00 | 0.00 |
| History - World | 0 | 3 | 1 | 1 | 25 | 74 | 104.33 | 0 | 2 | 0.00 | 0.00 |
| Social Science | 0 | 3 | 2 | 1 | 20 | 81 | 109.00 | 1 | 3 | 0.00 | 0.00 |
| Philosophy | 0 | 2 | 0 | 0 | 20 | 111 | 116.00 | 1 | 1 | 0.00 | 0.00 |
| Science - Physics | 0 | 2 | 0 | 2 | 20 | 125 | 129.00 | 0 | 0 | 0.00 | 0.00 |
| Fine Arts - Other | 0 | 2 | 0 | 0 | 20 | 86 | 95.50 | 0 | 1 | 0.00 | 0.00 |
| Religion | 0 | 1 | 0 | 1 | 10 | 124 | 124.00 | 0 | 1 | 0.00 | 0.00 |
| Fine Arts - Painting & Sculpture | 0 | 0 | 1 | 0 | -5 | 0.00 | 0 | 0 | 0.00 | 0.00 |